000
00202 a2200097 4500
001
52546
100
_a
Clavell, James
245
_a
Shogun
260
_a
London
_b
Coronet books
_c
090
_c
33033
_d
33033
942
_a
NUST-CAE
_c
M
_c
25596
999
_c
287619
_d
287619